| 000 | 00793nam a2200217 a 4500 | ||
|---|---|---|---|
| 001 | 000041985 | ||
| 005 | 20201002035851.0 | ||
| 008 | 131028s2004 sp 001 0 spa d | ||
| 020 | _a8400082435 | ||
| 040 |
_aDO-SdBNP _bspa _cBNPHU |
||
| 100 | 1 |
_aGarcía Moreno, Aitor _968926 |
|
| 245 | 1 | 0 |
_aRelatos del Pueblo Ladinán : _bMe'am lo'ez de Éxodo / _cAitor García Moreno. |
| 260 |
_aMadrid : _bCSIC, _c2004. |
||
| 300 |
_a455 p. ; _c25 cm. |
||
| 490 | 1 |
_aPublicaciones de estudios sefardíes _v9 |
|
| 504 | _aIncluye referencias bibliográficas y notas al pie de las páginas | ||
| 504 | _aBibliografía : p. 439-455 | ||
| 500 | _aIncluye índice | ||
| 710 | 2 |
_aConsejo Superior de Investigaciones Científicas (España) _915178 |
|
| 830 | 0 |
_aPublicaciones de estudios sefardíes _v9 _952484 |
|
| 999 |
_c41474 _d41474 |
||